MARC

LEADER 00000naa2a2200000 4500
001 634190
005 20231101133811.0
035 |a (RuTPU)RU\TPU\conf\35975 
035 |a RU\TPU\conf\35968 
090 |a 634190 
100 |a 20220412d2021 k y0rusy50 ca 
101 0 |a rus 
102 |a RU 
105 |a y z 101zy 
135 |a drgn ---uucaa 
181 0 |a i  
182 0 |a b 
200 1 |a Модернизация угольного топливного цикла в условиях четвертого энергоперехода  |f А. Э. Риф, В. В. Цветкова, А. Ю. Кайдашова  |g науч. рук. В. Е. Губин 
203 |a Текст  |c электронный 
225 1 |a Экологические проблемы энергетики 
230 |a 1 компьютерный файл (pdf; 470 Kb) 
300 |a Заглавие с экрана 
320 |a [Библиогр.: с. 323-324 (4 назв.)] 
463 0 |0 (RuTPU)RU\TPU\conf\35907  |t Бутаковские чтения  |o материалы I Всероссийской с международным участием молодежной конференции, 15-16 декабря 2021 г., Томск  |f Национальный исследовательский Томский политехнический университет, Инженерная школа энергетики ; ред. кол. В. Е. Губин, Л. В. Савостьянова, А. О. Жданова [и др.]  |v [С. 320-324]  |d 2021 
610 1 |a электронный ресурс 
610 1 |a труды учёных ТПУ 
610 1 |a модернизация 
610 1 |a топливный цикл 
610 1 |a газификация 
610 1 |a угли 
610 1 |a цикл Аллама 
610 1 |a ГРЭС 
610 1 |a современные технологии 
610 1 |a выбросы 
610 1 |a парниковые газы 
700 1 |a Риф  |b А. Э. 
701 1 |a Цветкова  |b В. В. 
701 1 |a Кайдашова  |b А. Ю. 
702 1 |a Губин  |b В. Е.  |c специалист в области энергетики  |c доцент Томского политехнического университета, кандидат технических наук  |f 1976-  |g Владимир Евгеньевич  |2 stltpush  |4 727 
712 0 2 |a Национальный исследовательский Томский политехнический университет  |b Инженерная школа энергетики  |b Научно-образовательный центр И. Н. Бутакова (НОЦ И. Н. Бутакова)  |h 8025  |2 stltpush  |3 (RuTPU)RU\TPU\col\23504 
801 2 |a RU  |b 63413507  |c 20220415  |g RCR 
856 4 |u http://earchive.tpu.ru/handle/11683/70610 
942 |c BK